Les inégalités de revenus (notice n° 1925450)

détails MARC
000 -LEADER
fixed length control field 01024cam a2200133 4500500
005 - DATE AND TIME OF LATEST TRANSACTION
control field 20260329023211.0
041 ## - LANGUAGE CODE
Language code of text/sound track or separate title fre
042 ## - AUTHENTICATION CODE
Authentication code dc
100 10 - MAIN ENTRY--PERSONAL NAME
Personal name Navarro, Marion
Relator term author
245 00 - TITLE STATEMENT
Title Les inégalités de revenus
260 ## - PUBLICATION, DISTRIBUTION, ETC.
Name of publisher, distributor, etc. Armand Colin,<br/>
Date of publication, distribution, etc. 2016.<br/>
520 ## - SUMMARY, ETC.
Summary, etc. Quels sont les mécanismes responsables de l’évolution des inégalités ? De quels outils dispose la puissance publique pour les réduire ? Sur quels fondements économiques et politiques reposent des mouvements tels Occupy Wall Street ou Les Indignés ?Que l’on considère les inégalités de revenus entre individus ou le partage du revenu entre travail et capital, la question des inégalités est aujourd’hui au cœur des préoccupations. Évolution de l’instabilité des revenus, formation des hauts salaires, analyse des phénomènes de rente, cet ouvrage présente une synthèse inédite et complète du sujet.
856 41 - ELECTRONIC LOCATION AND ACCESS
Uniform Resource Identifier <a href="https://shs.cairn.info/les-inegalites-de-revenus--9782200600273?lang=fr&redirect-ssocas=7080">https://shs.cairn.info/les-inegalites-de-revenus--9782200600273?lang=fr&redirect-ssocas=7080</a>

Pas d'exemplaire disponible.

PLUDOC

PLUDOC est la plateforme unique et centralisée de gestion des bibliothèques physiques et numériques de Guinée administré par le CEDUST. Elle est la plus grande base de données de ressources documentaires pour les Étudiants, Enseignants chercheurs et Chercheurs de Guinée.

Adresse

627 919 101/664 919 101

25 boulevard du commerce
Kaloum, Conakry, Guinée

Réseaux sociaux

Powered by Netsen Group @ 2025